| 000 | 00434nam a2200145Ia 4500 | ||
|---|---|---|---|
| 008 | 151021s9999 xx 000 0 und d | ||
| 020 | _a78602491 | ||
| 050 | _aQA 76.9.K48504 2004 | ||
| 245 | _a_Teacher Wraparound edition keyboarding with computer application | ||
| 260 | _aNew York McGraw Hill 2004 | ||
| 300 | _a554p;ill. | ||
| 650 | _a_keyboarding | ||
| 700 | _a_Judith Chiri-Mulkey | ||
| 980 | _a^d20120814 11:27:48^okorir | ||
| 999 |
_c12338 _d12338 |
||